| Поле | Название | Значение |
| |
Тип записи |
a |
| |
Библиографический уровень |
m |
| 001 |
Контрольный номер |
02300682fe00474799bf4a78f2c5533c |
| 005 |
Дата корректировки |
20230511144517.1 |
| 010 |
Индекс ISBN |
__ |
| a |
ISBN |
978-5-00116-576-7 |
| d |
Цена |
534-30 |
| 100 |
Данные общей обработки |
__ |
| a |
Данные общей обработки |
20220314d2021####c##y0rusy50######ca |
| 101 |
Язык документа |
0_ |
| a |
Язык текста |
rus |
| c |
Язык оригинала |
rus |
| 102 |
Страна публикации |
__ |
| a |
Страна публикации |
RU |
| 200 |
Заглавие и сведения об ответственности |
1_ |
| a |
Заглавие |
30 простых опытов с детьми дома |
| e |
Сведения, относящиеся к заглавию |
наука на кухне |
| e |
Сведения, относящиеся к заглавию |
[для детей младшего школьного возраста] |
| f |
Первые сведения об ответственности |
научная онлайн-школа Тани Медведевой |
| g |
Последующие сведения об ответственности |
художник Вера Пошивай |
| 210 |
Выходные данные |
1_ |
| a |
Место издания |
Санкт-Петербург [и др.] |
| c |
Издательство |
Питер |
| d |
Дата издания |
2021 |
| 215 |
Физическое описание |
__ |
| a |
Объем |
61, [2] с. |
| c |
Иллюстрации/тип воспроизводства |
цв. ил. |
| 225 |
Серия (Журнальная рубрика) |
2_ |
| a |
Серия (Журнальная рубрика) |
Серия "Вы и ваш ребенок" |
| 300 |
Общие примечания |
__ |
| a |
Общие примечания |
На обложке: По принципу STEAM. Видеоуроки внутри! |
| 320 |
Библиография |
__ |
| a |
Библиография |
На 2-й с. обложки: Техника безопасности при проведении опытов |
| 330 |
Аннотация |
__ |
| a |
Аннотация |
В книге рассмотрены опыты, которые можно самостоятельно подготовить на кухне и разобраться с основами физики, химии и биологи. В каждом эксперименте помимо пошагового описания и научного объяснения содержаться веселые схемы. Для младшего школьного возраста. |
| 333 |
Примечание о целевом назначении |
__ |
| a |
Примечание о целевом назначении |
6+ |
| 606 |
Тематические рубрики |
__ |
| a |
Основная рубрика |
Естественные науки в целом |
| 610 |
Ключевые слова |
0_ |
| a |
Ключевые слова |
детская литература |
| a |
Ключевые слова |
занимательная наука |
| a |
Ключевые слова |
занимательная химия |
| a |
Ключевые слова |
химические опыты |
| a |
Ключевые слова |
научные опыты |
| 686 |
Индексы других классификаций |
__ |
| a |
Индекс ББК |
Мл 20я92 |
| 700 |
Автор |
_1 |
| a |
Фамилия |
Медведева |
| b |
Имя |
Т. |
| g |
Полное личное имя |
Таня |
| 702 |
Вторичная интеллектуальная ответственность |
_1 |
| a |
Фамилия |
Пошивай |
| b |
Имя |
В. |
| g |
Полное личное имя |
Вера |
| 801 |
Источник записи |
_0 |
| a |
Страна |
RU |
| b |
Организация |
Центральная районная библиотека им. Г. А. Пирожникова |
| c |
Дата составления |
20220314 |
| g |
Правила каталогизации |
bzbo |
| 801 |
Источник записи |
_1 |
| a |
Страна |
RU |
| b |
Организация |
Центральная районная библиотека им. Г. А. Пирожникова |
| c |
Дата составления |
20220314 |
| g |
Правила каталогизации |
bzbo |
| 852 |
Данные о местонахождении |
__ |
| j |
Шифр хранения |
20 |
| i |
Авторский знак |
М 42 |
| 901 |
Тип документа |
__ |
| t |
Тип документа |
m |
| 902 |
Роль лиц |
__ |
| a |
Создатель БЗ |
ОКиО/Колмакова |